|
|
|
|
| LEADER |
01719nam a2200481 a 4500 |
| 001 |
nkc20132464095 |
| 003 |
CZ PrNK |
| 005 |
20131017101326.0 |
| 007 |
ta |
| 008 |
130516s2013 xr e l 001 0 cze |
| 015 |
|
|
|a cnb002464095
|
| 020 |
|
|
|a 978-80-7400-458-2
|q (váz.)
|
| 035 |
|
|
|a (OCoLC)855464586
|
| 040 |
|
|
|a ABA001
|b cze
|d OLA001
|
| 043 |
|
|
|a e-xr---
|
| 072 |
|
7 |
|a 347.9
|x Občanské soudní řízení. Soudnictví
|2 Konspekt
|9 16
|
| 080 |
|
|
|a 347.965.42
|2 MRF
|
| 080 |
|
|
|a (437.3)
|2 MRF
|
| 080 |
|
|
|a (094.5)
|2 MRF
|
| 080 |
|
|
|a (0.072)
|2 MRF
|
| 245 |
0 |
0 |
|a Zákon o mediaci :
|b komentář /
|c Martina Doležalová ... [et al.]
|
| 246 |
1 |
8 |
|a Komentář ZM
|
| 250 |
|
|
|a Vyd. 1.
|
| 260 |
|
|
|a V Praze :
|b C.H. Beck,
|c 2013
|
| 300 |
|
|
|a xiv, 345 s. ;
|c 20 cm
|
| 490 |
1 |
|
|a Beckovy komentáře
|
| 504 |
|
|
|a Obsahuje bibliografii, bibliografické odkazy a rejstřík
|
| 650 |
0 |
7 |
|a mediace
|7 ph137291
|z Česko
|2 czenas
|
| 650 |
0 |
9 |
|a mediation
|z Czechia
|2 eczenas
|
| 655 |
|
7 |
|a zákony
|7 fd133886
|2 czenas
|
| 655 |
|
7 |
|a komentáře
|7 fd132578
|2 czenas
|
| 655 |
|
9 |
|a laws
|2 eczenas
|
| 655 |
|
9 |
|a commentaries
|2 eczenas
|
| 700 |
1 |
|
|a Doležalová, Martina
|7 ola2013767905
|4 cwt
|
| 710 |
1 |
2 |
|a Česko.
|t Zákon o mediaci (2012)
|7 kon2013743873
|
| 830 |
|
0 |
|a Beckovy komentáře
|0 s
|
| 910 |
2 |
|
|a BOA001
|b 1-1303.936
|
| 990 |
|
|
|a BK
|
| 995 |
|
|
|a 01
|
| 991 |
|
|
|b 201307
|c NOV
|e n
|
| 996 |
6 |
|
|b 2610554291
|c 1-1303.936
|l MZK
|r Sklad / do 1 hodiny
|n 2
|p p.v.
|w 001340245
|u 000010
|a 1
|e BOA001
|j MZK50
|s P
|
| 996 |
7 |
|
|b 2610566630
|c 1-1303.936
|l MZK
|r Sklad / do 1 hodiny
|n 0
|p kup
|w 001340245
|u 000020
|a 1
|e BOA001
|j MZK50
|s A
|
| 996 |
7 |
|
|b 2610566631
|c 1-1303.936
|l MZK
|r Sklad / do 1 hodiny
|n 17
|p kup
|w 001340245
|u 000030
|a 1
|e BOA001
|j MZK50
|s A
|